000 00465nab a2200145Ia 4500
003 ES-SlBCS
005 20210601134322.0
008 140529s1983-1984xu||||| |||| 00| 0 spa d
041 _aspa
100 1 _aBlanco González, Antonio
_945898
245 0 0 _aDe lo moral a lo jurídico en Aranguren
_c Antonio Blanco González
600 1 4 _aAranguren
_9214894
773 0 _tAnales de la Catedra Francisco Suarez
_gnº. 23-24, 1983-1984, págs. 29-80
_wRev1020
942 _cAR
999 _c610884
_d610884